Normal view
MARC view
Entry Geographic Name
001 - CONTROL NUMBER
- control field: 20610
003 - CONTROL NUMBER IDENTIFIER
- control field: ARRUPE
005 - DATE AND TIME OF LATEST TRANSACTION
- control field: 20151028110014.0
008 - FIXED-LENGTH DATA ELEMENTS
- fixed length control field: 151028|| aca||aabn | a|a d
040 ## - CATALOGING SOURCE
- Original cataloging agency: ARRUPE
- Transcribing agency: ARRUPE
151 ## - HEADING--GEOGRAPHIC NAME
- Geographic name: United States
- General subdivision: Race relations
- General subdivision: Psychological aspects.
670 ## - SOURCE DATA FOUND
- Source citation: Work cat.: (ARRUPE)0: Wachtel, Paul L., 1940- 20608, Race in the mind of America :, 1999.